Cidade dos anjos caídos/ (Record no. 499)

MARC details
000 -LÍDER
campo de controle de tamanho fixo 01365nam a22003374a 4500
001 - NÚMERO DE CONTROLE
campo de controle 499
003 - IDENTIFICADOR DO NÚMERO DE CONTROLE
campo de controle BR-IBIA
005 - DATA E HORÁRIO DA ÚLTIMA TRANSAÇÃO
campo de controle 20260129140858.0
008 - CAMPO DE DADOS FIXOS--INFORMAÇÃO GERAL
campo de controle de tamanho fixo 260129s2013 bl g 000 f por
022 ## - ISBN - INTERNATIONAL STANDARD BOOK NUMBER
ISSN - International Standard Serial Number 9788501092717
040 ## - FONTE DA CATALOGAÇÃO
Idioma da catalogação por
041 1# - CÓDIGO DE IDIOMA
Código do idioma do texto/trilha sonora ou título diferente por
Código do idioma do original e/ou traduções intermediárias do texto eng
082 04 - CDD - CLASSIFICAÇÃO DECIMAL DE DEWEY
Número de Classificação 813
Número do exemplar C591c
100 ## - ENTRADA PRINCIPAL--NOME PESSOAL
Nome pessoal Clare, Cassandra
Datas associadas ao nome 1973-
9 (RLIN) 1068
240 00 - TÍTULO UNIFORME
Título uniforme City of Fallen Angels:
245 10 - TÍTULO
Título Cidade dos anjos caídos/
Indicação de responsabilidade, etc. Cassandra Clare ; tradução de Rita Sussekind
250 ## - EDIÇÃO
Declaração de edição 1. ed.-
260 ## - PUBLICAÇÃO, DISTRIBUIÇÃO, ETC.
Local de publicação, distribuição, etc. Rio de Janeiro:
Nome do editor, distribuidor, etc. Galera Record,
Data da publicação, distribuição, etc. 2015.
300 ## - DESCRIÇÃO FÍSICA
Extensão 429p. ;
500 ## - NOTA GERAL
Nota geral <br/>
520 ## - NOTA DE RESUMO, ETC.
Resumo, etc. A guerra acabou e Caçadores de Sombras e integrantes do submundo parecem estar em paz. Clary está de volta a Nova York, treinando para usar seus poderes. Tudo parece bem, mas alguém está assassinando Caçadores e reacendendo as tensões entre os dois grupos, o que pode gerar uma segunda guerra sangrenta. Quando Jace começa a se afastar sem nenhuma explicação, Clary começa a desvendar um mistério que se tornará seu pior pesadelo.<br/>
650 00 - ASSUNTO--TERMO TÓPICO
Cabeçalho tópico ou nome geográfico Literatura Americana
9 (RLIN) 84
650 00 - ASSUNTO--TERMO TÓPICO
Cabeçalho tópico ou nome geográfico Romance juvenil
9 (RLIN) 981
650 00 - ASSUNTO--TERMO TÓPICO
Cabeçalho tópico ou nome geográfico Magia
9 (RLIN) 785
650 00 - ASSUNTO--TERMO TÓPICO
Cabeçalho tópico ou nome geográfico Conflito entre bem e mal
9 (RLIN) 1069
655 ## - TERMO DE ÍNDICE--GÊNERO E FORMA
Gênero/forma/ou termo foco Romance
655 ## - TERMO DE ÍNDICE--GÊNERO E FORMA
Gênero/forma/ou termo foco Ficção
700 ## - ENTRADA ADICIONADA - NOME PESSOAL
Nome pessoal Süssekind, Rita Lagoeiro
9 (RLIN) 1070
830 ## - ENTRADA SECUNDÁRIA DE SÉRIE--TÍTULO UNIFORME
Título uniforme Os instrumentos mortais;
Número do volume ou designação sequencial da série v.4
9 (RLIN) 1071
942 ## - ELEMENTOS DE ENTRADA ADICIONADOS (KOHA)
Fonte de classificação ou esquema de arquivamento Classificação decimal de Dewey
Ocultar no OPAC Não
Tipo de material Koha Livros
Holdings
Situação do descarte Situação das perdas Fonte de classificação ou esquema de arquivamento Status danificado Não pode ser emprestado Coleção Biblioteca de origem Biblioteca atual Localização na estante Data de aquisição Fonte de aquisição Total de empréstimos Número de chamada completo Código de barras Data de último acesso Data do preço efetivo Tipo de material Koha
    Classificação decimal de Dewey     Ficção Biblioteca Professor Eduardo Afonso de Castro Biblioteca Professor Eduardo Afonso de Castro Literatura Estrangeira 29.01.2026 doação   813 / C591c 2026-17433 29.01.2026 29.01.2026 Livros

Powered by Koha